书目信息 |
| 题名: |
冲压件生产指南
|
|
| 作者: | 秦松祥 主编 | |
| 分册: | ||
| 出版信息: | 北京 化学工业出版社 2009 |
|
| 页数: | 297页 | |
| 开本: | 24cm | |
| 丛书名: | ||
| 单 册: | ||
| 中图分类: | TG38-62 | |
| 科图分类: | ||
| 主题词: | 冷冲压--生产工艺 , 冷冲压 , 生产工艺 | |
| 电子资源: | ||
| ISBN: | 978-7-122-03478-6 | |
| 000 | 00909nam0 2200241 45 | |
| 005 | 20100303150211.93 | |
| 010 | @a978-7-122-03478-6@dCNY46.00 | |
| 100 | @a20100121d2009 ekmy0chiy0120 ea | |
| 101 | 0 | @achi |
| 102 | @aCN@b110000 | |
| 105 | @aa z 000yy | |
| 106 | @ar | |
| 200 | 1 | @a冲压件生产指南@AChong Ya Jian Sheng Chan Zhi Nan@f秦松祥主编@FQin Song Xiang Zhu Bian |
| 210 | @a北京@c化学工业出版社@d2009 | |
| 215 | @a297页@c图@d24cm | |
| 330 | @a本书全面介绍了冷冲压工艺与模具设计的相关知识、方法和技巧,首次讲述了冷冲压件的包装、储放与毛坯定尺管理知识,详细地阐明了冲压生产现场工艺管理、冷冲压模的维修与管理、冷冲压的生产成本与工时定额管理、冷冲压件的质量控制与管理等方面的知识。 | |
| 606 | 0 | @a冷冲压@x生产工艺 |
| 606 | 0 | @a冷冲压 |
| 606 | 0 | @a生产工艺 |
| 690 | @aTG38-62@v4 | |
| 701 | 0 | @a秦松祥@AQin Song Xiang@4主编 |
| 801 | 0 | @aCN@bTANGWEI@c20100303 |
| 905 | @b0585337-41@dTG38-62@e9@f5 | |
| 冲压件生产指南/秦松祥主编.-北京:化学工业出版社,2009 |
| 297页:图;24cm |
| ISBN 978-7-122-03478-6:CNY46.00 |
| 本书全面介绍了冷冲压工艺与模具设计的相关知识、方法和技巧,首次讲述了冷冲压件的包装、储放与毛坯定尺管理知识,详细地阐明了冲压生产现场工艺管理、冷冲压模的维修与管理、冷冲压的生产成本与工时定额管理、冷冲压件的质量控制与管理等方面的知识。 |
| ● |
| 相关链接 |
|
|
|
|
正题名:冲压件生产指南
索取号:TG38-62/9
 
预约/预借
| 序号 | 登录号 | 条形码 | 馆藏地/架位号 | 状态 | 备注 |
| 1 | 0585337 | 205853370 | 第二样本阅览室/ [索取号:TG38-62/9] | 在馆 | |
| 2 | 0585338 | 205853389 | 第三借阅区/ [索取号:TG38-62/9] | 在馆 | |
| 3 | 0585339 | 205853398 | 密集书库-物理学院/ [索取号:TG38-62/9] | 在馆 | |
| 4 | 0585340 | 205853405 | 第三借阅区/ [索取号:TG38-62/9] | 在馆 | |
| 5 | 0585341 | 205853414 | 第三借阅区/ [索取号:TG38-62/9] | 在馆 |